| 000 | 00615nam a2200169 i 4500 | ||
|---|---|---|---|
| 001 | 38523 | ||
| 003 | ES-MaACL | ||
| 005 | 20250901095436.0 | ||
| 007 | t| | ||
| 008 | 030225s1897 ae ||||1| spa d | ||
| 110 | 2 |
_aCámara de Comercio Española de Argel y Constantina (Argel) _92366 |
|
| 245 | 1 | 0 |
_aMemoria comercial de 1896 leída en la Asamblea general de 22 de marzo 1897 / _cCámara de Comercio Española de Argel y Constantina. |
| 260 |
_aArgel : _b[s.n.], _c1897 ( _fFontana) |
||
| 300 |
_a39 p. ; _c22 cm. |
||
| 852 |
_aES-MaACL _jT-955-F-4 _z.- Legado de González del Campillo |
||
| 999 |
_c38523 _d38523 |
||